| 000 | 00340nam a2200133Ia 4500 | ||
|---|---|---|---|
| 008 | 191201s2011 xx 000 0 und d | ||
| 100 | _aSHARMA, A.M | ||
| 245 | 0 | _aAspects of Labour Welfare and Social Security | |
| 250 | _a11th | ||
| 260 |
_aN.Delhi _bHimalaya Publication House _c2011 |
||
| 300 | _a367 | ||
| 650 | _aMBA | ||
| 942 |
_2ddc _cBK |
||
| 999 |
_c5466 _d5466 |
||